The theory of wage determination : (Record no. 59332)
[ view plain ]
| 000 -LEADER | |
|---|---|
| fixed length control field | 00826nam a2200229 a 4500 |
| 001 - CONTROL NUMBER | |
| control field | 59332 |
| 003 - CONTROL NUMBER IDENTIFIER | |
| rucl marc code | BD-RjUL |
| 005 - DATE AND TIME OF LATEST TRANSACTION | |
| control field | 20211209080722.0 |
| 008 - FIXED-LENGTH DATA ELEMENTS--GENERAL INFORMATION | |
| fixed length control field | 161222r19641957enka | 101 0 eng d |
| 035 ## - SYSTEM CONTROL NUMBER | |
| System control number | (BD-RjUL)59456 |
| 040 ## - CATALOGING SOURCE | |
| Original cataloging agency | GZS |
| Transcribing agency | GZS |
| Modifying agency | m.c |
| -- | XBM |
| -- | BD-RjUL |
| Language of cataloging | eng |
| 041 ## - LANGUAGE CODE | |
| Language code of text/sound track or separate title | eng |
| 082 ## - DEWEY DECIMAL CLASSIFICATION NUMBER | |
| Edition number | 23 |
| Classification number | 331.21 |
| Author mark and year | THE 1964 |
| 245 04 - TITLE STATEMENT | |
| Title | The theory of wage determination : |
| Remainder of title | proceedings of a conference held by the International Economic Association / |
| Statement of responsibility, etc. | edited by John T. Dunlop. |
| 260 ## - PUBLICATION, DISTRIBUTION, ETC. (IMPRINT) | |
| Place of publication, distribution, etc. | London : |
| -- | New York : |
| Name of publisher, distributor, etc. | Macmillan, |
| -- | St. Martin's Press, |
| Date of publication, distribution, etc. | 1957 [Reissued 1964]. |
| 300 ## - PHYSICAL DESCRIPTION | |
| Pagination | xv, 437 p. ; |
| Size | 23 cm. |
| 500 ## - GENERAL NOTE | |
| General note | Includes index. |
| 650 #0 - SUBJECT ADDED ENTRY--TOPICAL TERM | |
| Topical term or geographic name as entry element | Wages |
| Form subdivision | Congresses. |
| 9 (RLIN) | 176470 |
| 700 1# - ADDED ENTRY--PERSONAL NAME | |
| Personal name | Dunlop, John T. |
| Fuller form of name | (John Thomas), |
| Dates associated with a name | 1914-2003 |
| 710 2# - ADDED ENTRY--CORPORATE NAME | |
| Corporate name or jurisdiction name as entry element | International Economic Association. |
| 9 (RLIN) | 176472 |
| 942 ## - ADDED ENTRY ELEMENTS (KOHA) | |
| Source of classification or shelving scheme | Dewey Decimal Classification |
| Koha item type | Books |
| Lost status | Source of classification or shelving scheme | Damaged status | Not for loan | Collection code | Permanent Location | Current Location | Shelving location | Date acquired | Source of acquisition | Cost, normal purchase price | Total Checkouts | Full call number | Date last seen | Copy number | Koha item type |
|---|---|---|---|---|---|---|---|---|---|---|---|---|---|---|---|
| Dewey Decimal Classification | Not For Loan | Non-fiction | Central Library, University of Rajshahi | Central Library, University of Rajshahi | Reading Room | 13/11/1965 | Zeitlinger | 40.00 | 331.21 THE 1964 | 22/12/2016 | C-1 | Books |